| 000 | 00928 a2200265 4500 | ||
|---|---|---|---|
| 001 | 63643 | ||
| 005 | 20260407155935.0 | ||
| 008 | 260407a2022 arg spa d | ||
| 003 | AR-UNSa-BCEJYS | ||
| 040 |
_aAR-UNSa-BCEJYS _bspa _cAR-UNSa-BCEJYS |
||
| 080 |
_a658.012.2 _xPlanificación. Programas. Planes. Medidas de apoyo a la planificación( Administración estratégica...) |
||
| 245 | 1 | 0 | _aCómo testar ideas de negocio |
| 020 | _a978-84-19156-33-4 | ||
| 264 | 1 |
_aZaragoza : _bÉsteri _c2022 |
|
| 300 |
_axv, 348 p. _c19 cm. |
||
| 505 | _a1. Diseñar - 2. Comprobar - 3. Experimentar - 4. Mentalización | ||
| 041 | _aspa | ||
| 942 | _cBK | ||
| 590 | _aniveau_biblio:m niveau_hierar:0 | ||
| 100 | 1 | _aBland, David J. | |
| 700 | 1 | _aOsterwalder, Alex | |
| 700 | 1 | _aSmith, Alan | |
| 700 | 1 | _aPapadakos, Trish | |
| 856 | 4 | 1 |
_uhttps://www.biblioeco.unsa.edu.ar/pmb/images/libros/L129416.jpg _yImagen de portada _qimage/jpeg |
| 999 |
_c8258 _d8258 |
||